Commercially speaking : student's book /

Enregistré dans:
Détails bibliographiques
Auteur principal: Irvine, Mark, 1950-
Autres auteurs: Cadman, Marion.
Format: Livre
Langue:English
Publié: Oxford : Oxford University Press, 1999.
Sujets:
Tags: Ajouter un tag
Pas de tags, Soyez le premier à ajouter un tag!
Thư viện lưu trữ: Mạng thư viện Đại học Đà Nẵng
LEADER 01262nam a2200373 a 4500
001 000042029
003 7375
005 20190916143217.0
008 171030s1999
020 |a 0194572307 
040 |a LNN 
041 0 |a eng 
082 1 4 |a 428  |b IR-M 
100 1 |a Irvine, Mark,  |d 1950- 
245 1 0 |a Commercially speaking :  |n student's book /  |c Mark Irvine and Marion Cadman. 
260 |a Oxford :  |b Oxford University Press,  |c 1999. 
300 |a 127 p. :  |b col. ill. ;  |c 27.5 cm. 
630 0 4 |a English language. 
630 0 4 |a Business English. 
630 0 4 |a English composition. 
630 0 4 |a Commercial correspondence. 
650 0 4 |a Commercial correspondence. 
650 0 4 |a English language  |x Business English. 
650 0 4 |a English language  |x Composition and exercises. 
700 1 |a Cadman, Marion. 
OWN |a LNN 
AVA |a UDN50  |b LNN  |c English  |d 428 IR-M  |e available  |t Error 5001 Not defined in file expand_doc_bib_avail.  |f 1  |g 0  |h N  |i 0  |j AN  |k 1 
999 |a From the UDN01 
AVA |a UDN50  |b LNN  |c English  |d 428 IR-M  |e available  |t Error 5001 Not defined in file expand_doc_bib_avail.  |f 1  |g 0  |h N  |i 0  |j AN  |k 1 
TYP |a Monograph 
TYP |a Printed language 
980 |a Mạng thư viện Đại học Đà Nẵng